[Event "Chinese League"]
[Site "Qingdao CHN"]
[Date "2011.10.26"]
[Round "13"]
[White "Gao Rui"]
[Black "Xiu,D"]
[Result "1/2-1/2"]
[WhiteElo "2435"]
[BlackElo "2508"]

1.e4 c5 2.Nf3 Nc6 3.Nc3 e6 4.d4 cxd4 5.Nxd4 Qc7 6.Be3 Nf6 7.Bd3 Nxd4 8.Bxd4 e5
9.Be3 Bb4 10.Bd2 O-O 11.O-O Qc6 12.Qe2 Bxc3 13.Bxc3 d6 14.Kh1 a6 15.Bd2 b5
16.Bg5 Nd7 17.Rad1 f6 18.Be3 Nc5 19.Bxc5 dxc5 20.c3 Be6 21.a3 Rad8 22.Rfe1 Rd7
23.Bc2 Bc4 24.Qg4 Be6 25.Qe2 Rfd8 26.Rxd7 Rxd7 27.Rd1 g6 28.Rxd7 Qxd7 29.Qd3 Qc7
30.Kg1 Kf7 31.h4 Ke7 32.Qe3 h5 33.f3 Qd6 34.Qd3 Qxd3  1/2-1/2

[Event "19th Skopje Open"]
[Site "Skopje MKD"]
[Date "2011.10.26"]
[Round "3"]
[White "Stojanovski,D"]
[Black "Todorovic,GM"]
[Result "0-1"]
[WhiteElo "2427"]
[BlackElo "2487"]

1.e4 c5 2.Nf3 e6 3.Nc3 Nc6 4.d4 cxd4 5.Nxd4 Nf6 6.Nxc6 bxc6 7.e5 Nd5 8.Ne4 Qc7
9.f4 Rb8 10.a3 Qa5+ 11.c3 c5 12.Be2 Be7 13.O-O f5 14.Nf2 c4 15.Bxc4 Bb7 16.Be2 Qc5
17.Bf3 Ne3 18.Bxe3 Qxe3 19.Bxb7 Rxb7 20.Qd4 Bc5 21.Qa4 Rc7 22.Qb3 Bb6 23.g3 g5
24.Rae1 Qd2 25.Rd1 Qe2 26.fxg5 f4 27.c4 fxg3 28.Qxg3 Rf8 29.Rc1 Qxb2 30.c5 Bxc5
31.Rcd1 Qe2 32.Rb1 Bb6 33.Rb4 Rc1  0-1

[Event "33rd Arco Open"]
[Site "Arco ITA"]
[Date "2011.10.27"]
[Round "6"]
[White "Vaccari,Giorgio"]
[Black "Marshall,Mi"]
[Result "0-1"]
[WhiteElo "1656"]
[BlackElo "1894"]

1.e4 c5 2.Nf3 e6 3.d4 cxd4 4.Nxd4 Nc6 5.Nc3 Qc7 6.Be2 a6 7.Be3 Nf6 8.a3 b5
9.Nxc6 dxc6 10.Bf3 Be7 11.O-O O-O 12.Qe2 e5 13.Bg5 Be6 14.Qe3 Rfe8 15.Bxf6 Bxf6
16.Rad1 Rad8 17.Rxd8 Rxd8 18.Rd1 Rxd1+ 19.Bxd1 h6 20.Be2 Bg5 21.Qd3 Qd8 22.Qxd8+ Bxd8
23.Bd3 a5 24.Kf1 Kf8 25.Nd1 Bg5 26.Ne3 g6 27.g3 Ke7 28.f3 Bxe3 29.b3  0-1

[Event "12th Liberec Open"]
[Site "Liberec CZE"]
[Date "2011.10.28"]
[Round "7"]
[White "Bednar,Ma"]
[Black "Suchomel,A"]
[Result "1/2-1/2"]
[WhiteElo "2257"]
[BlackElo "1996"]

1.e4 c5 2.Nf3 e6 3.d4 cxd4 4.Nxd4 Nc6 5.Nc3 Nf6 6.Nxc6 dxc6 7.Qxd8+ Kxd8
8.Bg5 e5 9.Bc4 Be6 10.Bxe6 fxe6 11.O-O-O+ Kc7 12.f3 Bb4 13.Nb1 Rhf8 14.g3 Nd7
15.Rhf1 Rf7 16.a3 Be7 17.Bxe7 Rxe7 18.Kd2 Rf8 19.Ke3 Ref7 20.h4 Nb6 21.b3 g6
22.a4 a5 23.Nd2 Rd8 24.Nb1 Rdf8 25.Rd2 Nd7 26.Na3 Nb6 27.Rh2 Rg8 28.Nb1 Nd7
29.Nd2 b5 30.Ra1 Ra8 31.h5 g5 32.h6 Rf6 33.Rh5 Rg6 34.Ke2 Nf6 35.Rh2 Ng8
36.c4 bxa4 37.Rxa4 c5 38.Ra1 Ne7 39.Rf1  1/2-1/2

[Event "33rd Arco Open"]
[Site "Arco ITA"]
[Date "2011.10.29"]
[Round "8"]
[White "Pipitone,A"]
[Black "Marshall,Mi"]
[Result "0-1"]
[WhiteElo "1971"]
[BlackElo "1894"]

1.e4 c5 2.Nf3 e6 3.d4 cxd4 4.Nxd4 Nc6 5.Nc3 Qc7 6.Be2 a6 7.O-O Nf6 8.Nb3 b5
9.a3 Bb7 10.f4 d6 11.Be3 Be7 12.Bf3 O-O 13.Qe1 b4 14.axb4 Nxb4 15.Qf2 d5
16.e5 Nd7 17.Rfd1 Nc6 18.g4 Rfe8 19.Ne2 Rab8 20.Ng3 Bc8 21.g5 g6 22.h4 Nb6
23.Kg2 Nc4 24.Bc1 Rb4 25.h5 a5 26.hxg6 fxg6 27.Rh1 Nxb2 28.Bxb2 Rxf4 29.Ne2 Rf7
30.Qg3 Ref8 31.Raf1 Rf5 32.Bg4 Rxf1 33.Rxf1 Rxf1 34.Kxf1 a4 35.Nbd4 Nxd4
36.Nxd4 a3 37.Ba1 Qb6 38.Qc3 Bd7 39.Qb3 Qxb3 40.cxb3 Bxg5 41.Bxe6+ Bxe6 42.Nxe6 Bc1
43.Nd4 Bb2 44.Nc2 Kf7 45.b4 Ke6 46.Bxb2 axb2 47.Na3 Kxe5 48.Ke2 h5 49.Ke3 g5
50.Kd3 Kd6 51.Ke3 Kc6 52.Kd4 h4 53.Ke3 h3 54.Kf3 g4+ 55.Kg3 d4 56.Kh2 d3
57.b5+ Kb7 58.Nb1 Kb6 59.Nd2  0-1

[Event "50th TCh-DEN XtraCon 2011-12"]
[Site "Denmark DEN"]
[Date "2011.10.29"]
[Round "1.7"]
[White "Pedersen,Christo"]
[Black "Rostgaard,T"]
[Result "0-1"]
[WhiteElo "2078"]
[BlackElo "2198"]

1.e4 c5 2.Nf3 e6 3.Nc3 Nc6 4.d4 cxd4 5.Nxd4 Qc7 6.Be3 a6 7.Qd2 Nf6 8.f3 Ne5
9.Be2 Be7 10.g4 h6 11.h4 b5 12.Rg1 b4 13.Na4 Nexg4 14.fxg4 Nxe4 15.Qd3 Bxh4+
16.Kd1 Bb7 17.a3 bxa3 18.Rxa3 O-O 19.Nc3 Nf2+ 20.Bxf2 Bxf2 21.Rf1 Bh4 22.Nf3 Bxf3
23.Bxf3 d5 24.Kc1 Qb6 25.Rh1 Bg5+ 26.Kb1 Rfb8 27.Nd1 Rc8 28.Rf1 Rc5 29.Be2 a5
30.Rb3 Qc7 31.Rc3 Rc8 32.Rxc5 Qxc5 33.Qc3 d4 34.Qxc5 Rxc5 35.Bd3 g6 36.Nf2 f5
37.gxf5 exf5 38.b3 Kg7 39.Bc4 Re5 40.Rd1 Be3 41.Nd3 Re7 42.Ka2 g5 43.Ka3 g4
44.Ka4 g3 45.Bd5 Rc7 46.Rf1 Rxc2 47.Rxf5 Ra2+ 48.Kb5 g2 49.Rf7+ Kg6 50.Ne5+ Kh5
51.Bf3+ Kh4 52.Bxg2 Rxg2 53.Nc4 Rg5+ 54.Ka4 Kg3 55.Nxa5 Rd5 56.Nc4 Bf4 57.b4 d3
58.Rg7+ Kf3 59.Rg1 d2 60.Nb2 Kf2 61.Rh1 Ke2 62.Nd1 Kd3 63.Kb3 Re5 64.Rh3+ Ke2
65.Kc2 Re8 66.Nc3+ Kf2 67.Rd3 h5 68.Rh3 Rc8 69.Kd1 Kg2 70.Rd3 h4 71.Rd4 h3
72.Rxf4 h2 73.Rh4 Rxc3 74.Kxd2 Rh3  0-1

[Event "Frauenbundesliga 2011-12"]
[Site "Germany GER"]
[Date "2011.10.29"]
[Round "1.2"]
[White "Doluhanova, Evgeniya"]
[Black "Schleining, Zoya"]
[Result "1/2-1/2"]
[WhiteElo "2250"]
[BlackElo "2326"]

1.e4 c5 2.Nf3 e6 3.d4 cxd4 4.Nxd4 Nc6 5.Nc3 Qc7 6.Be3 a6 7.Bd3 Nf6 8.O-O Nxd4
9.Bxd4 Bc5 10.Bxc5 Qxc5 11.Qe2 d6 12.Na4 Qc6 13.b3 b5 14.Nb2 Qc3 15.Rab1 O-O
16.a4 Bd7 17.Nd1 Qc7 18.axb5 axb5 19.Ne3 Ra2 20.h3 Qc3 21.Rbd1 Bc6 22.Bxb5 Nxe4
23.Bxc6 Qxc6 24.Qd3 d5 25.Ra1 Rfa8 26.Rxa2 Rxa2 27.b4 Nc3 28.b5 Qc5 29.b6 g6
30.Ng4 Rb2 31.Nf6+ Kg7 32.Nd7 Qc4 33.Qxc4 dxc4 34.Ra1 Nd5 35.Ra4 c3 36.Rc4 Nxb6
37.Nxb6 Rxb6 38.Rxc3 Rb1+ 39.Kh2 g5 40.Kg3 Rc1 41.Kf3 f5 42.Ke2 Kf6 43.g4 Ke5
44.Kf3 Rh1 45.Kg2 Rc1 46.Re3+ Kf4 47.Rf3+ Ke4 48.Re3+ Kf4 49.Rf3+ Ke5  1/2-1/2

[Event "World Youth U16 Ol"]
[Site "Kocaeli TUR"]
[Date "2011.10.29"]
[Round "8.3"]
[White "Eliseev,U"]
[Black "Saiyn,Z"]
[Result "1-0"]
[WhiteElo "2441"]
[BlackElo "2193"]

1.e4 c5 2.Nf3 e6 3.d4 cxd4 4.Nxd4 Nc6 5.Nc3 Qc7 6.Be3 a6 7.Qd2 Nf6 8.O-O-O Bb4
9.f3 Ne5 10.Nb3 b5 11.Qe1 Bxc3 12.Qxc3 Qxc3 13.bxc3 Bb7 14.Bf4 Nc6 15.a4 d5
16.axb5 axb5 17.Bxb5 O-O-O 18.exd5 Nxd5 19.Bd2 Nc7 20.Bd3 Ne5 21.Bf4 Ng6
22.Bg3 Nd5 23.Kd2 Ndf4 24.Nc5 Bc6 25.Rb1 Rd5 26.Bf2 Rhd8 27.Rb4 Rg5 28.Bg3 Rxc5
29.Bxf4 Nxf4 30.Rxf4 Rd7 31.Rg4 g6 32.Rb1 e5 33.Rbb4 f5 34.Rgc4 Rxc4 35.Rxc4 Kc7
36.Ke3 Kd6 37.Rb4 Kc5 38.Rb8 Ra7 39.Rh8 Bd5 40.h4 Rg7 41.Rc8+ Bc6 42.g4 Rf7
43.g5 Re7 44.Be2 Kd6 45.Bc4 Bd7 46.Rf8 Kc5 47.Bb3 Bc6 48.Rc8 Kd6 49.Rd8+ Kc5
50.Rf8 Bd7 51.Rf6 Bc6 52.Rf7 Rxf7 53.Bxf7 Bd5 54.Be8 Kc4 55.f4 e4 56.h5 gxh5
57.Bd7 Kxc3 58.Bxf5 h4 59.Bxe4 Bg8 60.Kf3 Kd4 61.Bf5 h3 62.Kg3 Ke3 63.Bxh3 Ke4
64.Bf1 Kd4 65.Bd3  1-0

[Event "TCh-NED Meesterklasse 2011-12"]
[Site "Netherlands NED"]
[Date "2011.10.29"]
[Round "2.7"]
[White "Houtman,J"]
[Black "Muhren,B"]
[Result "1/2-1/2"]
[WhiteElo "2212"]
[BlackElo "2307"]

1.e4 c5 2.Nf3 e6 3.d4 cxd4 4.Nxd4 Nc6 5.Nc3 Qc7 6.Be3 a6 7.Be2 Nf6 8.O-O Bb4
9.Na4 O-O 10.Nxc6 bxc6 11.Nb6 Rb8 12.Nxc8 Rfxc8 13.Bxa6 Rf8 14.Bd3 Bd6 15.f4 e5
16.f5 Rxb2 17.g4 Qa5 18.g5 Bc5 19.Bf2 Ne8 20.Qh5 Rxa2 21.Rxa2 Bxf2+ 22.Rxf2 Qxa2
23.Rf3 Qb1+ 24.Kg2 Qc1 25.Rh3 h6 26.Rg3 Qd2+ 27.Kg1 Qc1+ 28.Kg2 Qd2+ 29.Kg1 Qc1+
30.Kg2  1/2-1/2

[Event "TCh-NED Meesterklasse 2011-12"]
[Site "Netherlands NED"]
[Date "2011.10.29"]
[Round "2.3"]
[White "Van Kampen,R"]
[Black "Swinkels,R"]
[Result "1/2-1/2"]
[WhiteElo "2529"]
[BlackElo "2494"]

1.e4 c5 2.Nf3 e6 3.d4 cxd4 4.Nxd4 Nc6 5.Nc3 Qc7 6.Be3 a6 7.Qd2 Nf6 8.O-O-O Bb4
9.f3 O-O 10.g4 Ne5 11.g5 Nh5 12.Kb1 Bxc3 13.Qxc3 Qxc3 14.bxc3 d5 15.Be2 Ng6
16.exd5 exd5 17.Rhe1 Bh3 18.Bd3 Rfe8 19.Bc1 Nhf4 20.Kb2 Nxd3+ 21.cxd3 Ne5
22.Be3 Nc6 23.Nxc6  1/2-1/2

[Event "33rd Arco Open"]
[Site "Arco ITA"]
[Date "2011.10.30"]
[Round "9"]
[White "Londers,J"]
[Black "Knitl,A"]
[Result "1/2-1/2"]
[WhiteElo "1891"]
[BlackElo "2188"]

1.e4 c5 2.Nf3 Nc6 3.d4 cxd4 4.Nxd4 e6 5.Nc3 Qc7 6.Be3 a6 7.Be2 b5 8.Nxc6 Qxc6
9.Bf3 Bb7 10.O-O Qc7 11.Qd4 Ne7 12.Qb6  1/2-1/2

[Event "15th OIBM"]
[Site "Bad Wiessee GER"]
[Date "2011.10.30"]
[Round "2.39"]
[White "Morawietz,D"]
[Black "Seisenberger,Georg"]
[Result "1-0"]
[WhiteElo "2432"]
[BlackElo "2052"]

1.e4 c5 2.Nf3 e6 3.d4 cxd4 4.Nxd4 Nc6 5.Nc3 Qc7 6.Ndb5 Qb8 7.Be3 a6 8.Nd4 Nf6
9.Bd3 Bd6 10.Nde2 b5 11.h3 Bb7 12.f4 Nh5 13.e5 Nxe5 14.fxe5 Bxe5 15.Qd2 f5
16.O-O-O O-O 17.Rhg1 f4 18.Bd4 Bxd4 19.Nxd4 Ng3 20.Rge1 e5 21.Nf3 Re8 22.Ng5 h6
23.Nge4 Nxe4 24.Bxe4 Bxe4 25.Nxe4 Ra7 26.Qd5+ Kh8 27.Nd6  1-0

[Event "TCh-HUN 2011-12"]
[Site "Budapest HUN"]
[Date "2011.10.30"]
[Round "2"]
[White "Fogarasi,T"]
[Black "Horvath,Ad1"]
[Result "1/2-1/2"]
[WhiteElo "2404"]
[BlackElo "2473"]

1.e4 c5 2.Nf3 e6 3.d4 cxd4 4.Nxd4 Nc6 5.Nc3 Qc7 6.f4 a6 7.a4 Nxd4 8.Qxd4 b6
9.Be3 Bb7 10.Qxb6 Qxb6 11.Bxb6 Bb4 12.e5 Ne7 13.Kf2 Rc8 14.Bd3 Bxc3 15.bxc3 Nd5
16.Be3 Nxc3 17.Ra3 O-O 18.Re1 f5 19.exf6 gxf6 20.Bd2 Nd5 21.Rb1 Ba8 22.c4 Ne7
23.Rb6 Rc6 24.Rab3 Kf7 25.a5 Rg8 26.g3 f5 27.Rb8 Rcc8 28.R8b6 Rc6 29.Rb8 Rcc8
30.R8b6  1/2-1/2

[Event "38th ch-IND w 2011"]
[Site "Chennai IND"]
[Date "2011.10.31"]
[Round "3"]
[White "Divyasri,C"]
[Black "Harini,S"]
[Result "0-1"]
[WhiteElo "2129"]
[BlackElo "2055"]

1.e4 c5 2.Nc3 Nc6 3.Nf3 e6 4.d4 cxd4 5.Nxd4 Qc7 6.Be3 a6 7.Qd2 Bb4 8.O-O-O Nf6
9.f3 Ne5 10.Nb3 b5 11.Qd4 Be7 12.Kb1 Rb8 13.Be2 d6 14.Rc1 Bd7 15.Qa7 Qc8
16.Bf2 O-O 17.h4 Bd8 18.Bg1 a5 19.Nd1 Nc4 20.Qd4 Nh5 21.Bh2 a4 22.g4 Nf6
23.Bxc4 bxc4 24.Bxd6 axb3 25.cxb3 Ra8 26.Bxf8 Kxf8 27.Rxc4 Qa6 28.Nc3 Ba5
29.g5 Bxc3 30.Rxc3 Nd5 31.exd5 Qxa2+ 32.Kc2 exd5 33.Rc7 Bf5+ 34.Kd2 Qxb3
35.Rhc1 Re8 36.Qc3 Qb8 37.Re1 Be6 38.h5 d4 39.Qa3+ Kg8 40.Rec1 Bf5 41.b4 Qb5
42.R1c4 Qe5 43.Kc1 Qe1+ 44.Kb2 Qb1+  0-1

[Event "US Chess League 2011"]
[Site "ICC INT"]
[Date "2011.10.31"]
[Round "10"]
[White "Abrahamyan,T"]
[Black "Orlov,G"]
[Result "1-0"]
[WhiteElo "2289"]
[BlackElo "2479"]

1.e4 c5 2.Nf3 e6 3.d4 cxd4 4.Nxd4 Nc6 5.Nc3 Qc7 6.Be3 a6 7.Qd2 Nf6 8.O-O-O b5
9.f3 Bb7 10.g4 d6 11.g5 Nd7 12.Kb1 Be7 13.h4 Nce5 14.Bd3 Rc8 15.h5 b4 16.Nce2 Nc5
17.Ng3 d5 18.Qg2 dxe4 19.fxe4 Rd8 20.g6 Bf6 21.gxf7+ Qxf7 22.Rhf1 Qc7 23.Nge2 O-O
24.h6 Nexd3 25.cxd3 e5 26.Nf5 Nxd3 27.hxg7 Bxg7 28.Bb6 Qd7 29.Bxd8 Rxf5 30.Rxf5 Qxf5
31.Qxg7+ Kxg7 32.exf5  1-0

[Event "World Youth U16 Ol"]
[Site "Kocaeli TUR"]
[Date "2011.10.31"]
[Round "10.18"]
[White "Nouman,A"]
[Black "Whitfield,C"]
[Result "0-1"]
[WhiteElo "1710"]
[BlackElo "2010"]

1.e4 c5 2.Nf3 e6 3.d4 cxd4 4.Nxd4 Nc6 5.Nc3 Qc7 6.Be3 a6 7.Bd3 Nf6 8.O-O b5
9.Nxc6 dxc6 10.f4 Bb7 11.e5 Nd5 12.Bd2 c5 13.Qe2 Nxc3 14.Bxc3 Qc6 15.Rfe1 c4
16.Be4 Bc5+ 17.Kf1 Qxe4 18.Qxe4 Bxe4 19.Rxe4 O-O-O 20.b3 cxb3 21.axb3 Kb7
22.Ke2 Rd5 23.Rd1 Rhd8 24.Rd3 Rxd3 25.cxd3 Bb6 26.d4 a5 27.Kd3 Kc6 28.Re2 Kd5
29.Ra2 Ra8 30.Ra1 a4 31.Bb2 Ra7 32.Ra3 Bd8 33.bxa4 Rxa4 34.Rb3 b4 35.Bc1 Be7
36.Bb2 Ra8 37.Bc1 Rc8 38.Bd2 Rc4 39.Be3 h5 40.g3 g6 41.h3 Bf8 42.Rb1 Rc3+
43.Kd2 Ke4 44.Bf2 Kf3 45.Be1 h4 46.gxh4 Kxf4 47.Ke2 Rxh3 48.Bxb4 Bxb4 49.Rxb4 Ke4
50.Rb7 Re3+ 51.Kf2 Rf3+ 52.Kg2 Rf5 53.Rd7 Kf4 54.Kh3 Ke3 55.Rd6 Rf4 56.d5 exd5
57.Rxd5 Ke4 58.Ra5 Rf5 59.Kg4 Rxe5 60.Ra4+ Kd5 61.Rf4 Ke6 62.Rf3 Rh5 63.Re3+ Kf6
64.Rf3+ Kg7 65.Rf4 Ra5 66.Rf3 Ra4+ 67.Kh3 f6 68.Kg3 Ra6 69.Kh3 Kh6 70.Kg4 Ra4+
71.Kh3 f5 72.Rg3 Rb4 73.Rg5 Rf4 74.Kg3 Rf1 75.Kg2 Ra1 76.Kh2 Kg7 77.h5 Kh6
78.Rxg6+ Kxh5 79.Rg2 Kh4 80.Rf2 Kg4 81.Kg2 Rb1 82.Rd2 Rb4 83.Rf2 Rb1 84.Rc2 Kf4
85.Rf2+ Ke4 86.Re2+ Kf4 87.Rf2+ Kg4 88.Rc2 Rb4 89.Rf2 Re4 90.Ra2 Rd4 91.Rf2 Rc4
92.Ra2 Re4 93.Rf2 Re1 94.Ra2 Kf4 95.Kf2 Re4 96.Ra3 Rc4 97.Ra2 Rb4 98.Rc2 Kg4
99.Kg2 f4 100.Rf2 Rb3 101.Ra2 Rg3+ 102.Kh2 Rh3+ 103.Kg2 f3+ 104.Kg1 Kg3 105.Ra3 Rh4
106.Ra2 Rd4 107.Ra1 Rd2 108.Rb1 Rg2+ 109.Kf1 Rh2  0-1

[Event "15th OIBM"]
[Site "Bad Wiessee GER"]
[Date "2011.11.02"]
[Round "5.34"]
[White "Mueller,Marku1"]
[Black "Mueller,Ra1"]
[Result "1/2-1/2"]
[WhiteElo "2184"]
[BlackElo "2411"]

1.e4 c5 2.Nf3 e6 3.d4 cxd4 4.Nxd4 Nc6 5.Nc3 Qc7 6.Be3 a6 7.Be2 Nf6 8.O-O Bb4
9.Na4 O-O 10.c4 Be7 11.Nc3 Nxd4 12.Qxd4 d6 13.Na4 Nd7 14.Nb6 Nxb6 15.Qxb6 Qb8
16.Rfd1 Bd7 17.Bf4 Bc6 18.Be3 e5 19.f3 a5 20.Bf2 Rd8 21.Rd3 Qc8 22.Rad1 f5
23.c5 fxe4 24.fxe4 dxc5 25.Rxd8+ Bxd8 26.Qxc5 Bf6 27.Bc4+ Kh8 28.Bd5 h5 29.Bxc6 bxc6
30.Rc1 Qg4 31.Qxc6 Rd8 32.h3 Qe2 33.Qc2 Rd2 34.Qc8+ Rd8 35.Qf5 Qxb2 36.Rc8 Qb1+  1/2-1/2

[Event "38th ch-IND w 2011"]
[Site "Chennai IND"]
[Date "2011.11.02"]
[Round "5"]
[White "Soumya,Sw"]
[Black "Harini,S"]
[Result "1-0"]
[WhiteElo "2318"]
[BlackElo "2055"]

1.e4 c5 2.Nf3 e6 3.d4 cxd4 4.Nxd4 Nc6 5.Nc3 Qc7 6.Be3 a6 7.Qd2 Nf6 8.O-O-O Bb4
9.f3 Ne5 10.Nb3 d5 11.Bd4 O-O 12.a3 Bd6 13.exd5 exd5 14.Qf2 b5 15.g4 Bb7
16.Be2 Rac8 17.Kb1 Nfd7 18.Rhe1 Nc4 19.Bd3 Nde5 20.Bf5 Rcd8 21.Nc5 Ba8 22.f4 Ng6
23.Bxg6 hxg6 24.Rd3 Bxf4 25.Nxa6 Qc8 26.Qxf4 Qxa6 27.Rh3 Qd6  1-0

[Event "38th ch-IND w 2011"]
[Site "Chennai IND"]
[Date "2011.11.02"]
[Round "5"]
[White "Swathi,G"]
[Black "Bharathi,R"]
[Result "1-0"]
[WhiteElo "2278"]
[BlackElo "2112"]

1.e4 c5 2.Nf3 e6 3.d4 cxd4 4.Nxd4 Nc6 5.Nc3 a6 6.Nxc6 bxc6 7.Bd3 d5 8.O-O Nf6
9.Re1 Be7 10.e5 Nd7 11.Qg4 g6 12.Na4 Qa5 13.Bh6 c5 14.b3 c4 15.Bf1 Bb7 16.Re3 Bf8
17.Bxf8 Kxf8 18.Nc3 cxb3 19.cxb3 Rc8 20.Ne2 Kg7 21.Nd4 h5 22.Qh4 Qd8 23.Qf4 Qe7
24.h4 Rhf8 25.Rae1 Nc5 26.Bd3 a5 27.a4 Ba6 28.Bb1 Rc7 29.Qg3 Rg8 30.Rf3 Nd7
31.Rf6 Nxf6 32.exf6+ Qxf6 33.Nxe6+ fxe6 34.Qxc7+ Kh8 35.Qxa5 Rf8 36.Qd2 Kg7
37.Re3 Qa1 38.Qe1 Rf6 39.Rc3 Qb2 40.Bc2 d4 41.Rc6 Kg8 42.Qd2 Qa1+ 43.Bd1 Rf7
44.Rc1 Qa3 45.Rc6 Bb7 46.Rxe6 Kh7 47.Qxd4 Re7 48.Qf6 Rxe6 49.Qxe6 Qc1 50.Qe7+ Kh8
51.Qxb7 Qxd1+ 52.Kh2 Qc2 53.Qb8+ Kh7 54.Qa7+ Kh8 55.Qe3 Kh7 56.g3 Qc7 57.b4 Qc4
58.Qc5 Qa2 59.a5 Kg7 60.Qe7+ Kg8 61.Qf6 Kh7 62.a6 Qd5 63.Qe7+ Kg8 64.a7 Qa8
65.Qc7  1-0

[Event "1st Panama Open"]
[Site "Panama City PAN"]
[Date "2011.11.04"]
[Round "4.14"]
[White "Jaen,M"]
[Black "Prasca Sosa,R"]
[Result "0-1"]
[WhiteElo "2170"]
[BlackElo "2431"]

1.e4 c5 2.Nf3 Nc6 3.Nc3 e6 4.d4 cxd4 5.Nxd4 d6 6.Be2 Nf6 7.O-O Be7 8.Be3 a6
9.a4 Qc7 10.f4 O-O 11.Nb3 b6 12.Bf3 Nd7 13.g4 Rb8 14.Bg2 Re8 15.g5 Bf8 16.Qe2 Nb4
17.Rad1 Bb7 18.Qf2 Ba8 19.Rd2 Nc6 20.Qh4 g6 21.Rf3 Na5 22.Rdf2 Nxb3 23.Rh3 h6
24.cxb3 b5 25.axb5 axb5 26.b4 Qc4 27.gxh6 Kh7 28.Rg3 Be7 29.Qh3 Rg8 30.Bf1 Qc6
31.Bg2 Qc8 32.f5 Ne5 33.Bd4 Qe8 34.fxe6 f6 35.Nd5 Bxd5 36.exd5 Rc8 37.Rc3 Rc4
38.Bxe5 dxe5 39.Rxc4 bxc4 40.Qc3 Qb8 41.Rc2 Rc8 42.Bf1 Qb6+ 43.Kg2 Bxb4 44.Qf3 Be7
45.Bxc4 Qd4 46.b3 e4  0-1

[Event "15th OIBM"]
[Site "Bad Wiessee GER"]
[Date "2011.11.05"]
[Round "8.15"]
[White "Vatter,H"]
[Black "Zakhartsov,Vi"]
[Result "0-1"]
[WhiteElo "2322"]
[BlackElo "2580"]

1.e4 c5 2.Nf3 e6 3.d4 cxd4 4.Nxd4 Nc6 5.Nc3 Qc7 6.Be3 a6 7.Bd3 Nf6 8.O-O Ne5
9.h3 Bc5 10.Kh1 d6 11.f4 Ng6 12.Qe1 Bd7 13.f5 Ne5 14.Qh4 O-O 15.Rf3 exf5
16.exf5 Nxf3 17.gxf3 Bc6 18.Rg1 Bxf3+ 19.Nxf3 Bxe3 20.Qxf6 Bxg1 21.Qg5 Qc5
22.Nxg1 Rae8 23.Ne4 Qd5 24.Qg2 Kh8 25.f6 Rg8 26.Qf3 Re6 27.fxg7+ Rxg7 28.Ne2 Qe5
29.Qf4 Qxb2 30.Kh2 Qxa2 31.Nxd6 Qd5 32.Nxf7+ Rxf7  0-1

[Event "FSFMA November"]
[Site "Budapest HUN"]
[Date "2011.11.05"]
[Round "1"]
[White "Letay,G"]
[Black "Kristinsson,Bj"]
[Result "1-0"]
[WhiteElo "2029"]
[BlackElo "2045"]

1.e4 c5 2.Nc3 e6 3.Nf3 Nc6 4.d4 cxd4 5.Nxd4 Nf6 6.Be3 Bb4 7.Bd3 e5 8.Ne2 O-O
9.a3 Ba5 10.b4 Bb6 11.Bxb6 Qxb6 12.O-O d6 13.h3 Be6 14.Kh2 Rac8 15.Na4 Qd8
16.c4 a5 17.Rb1 axb4 18.axb4 Nb8 19.Rc1 Na6 20.Qd2 Nd7 21.Rfd1 Nb6 22.Nb2 Qh4
23.Qe3 Na8 24.c5 Nxb4 25.cxd6 Nxd3 26.Nxd3 Rxc1 27.Nexc1 Qh5 28.Rd2 f6 29.Nc5 Qf7
30.N1d3 Nb6 31.Nb2 Nc8 32.d7  1-0

[Event "1st Novara Open A"]
[Site "Novara ITA"]
[Date "2011.11.05"]
[Round "3"]
[White "Angelini,M"]
[Black "Gagliardi,Ch"]
[Result "1/2-1/2"]
[WhiteElo "2173"]
[BlackElo "2261"]

1.e4 c5 2.Nf3 e6 3.d4 cxd4 4.Nxd4 Nc6 5.Nc3 Qc7 6.g3 a6 7.a4 Nf6 8.Bg2 Bc5
9.Nb3 Be7 10.O-O O-O 11.f4 d6 12.a5 b5 13.axb6 Qxb6+ 14.Kh1 Rb8 15.h3 Rd8
16.Qe2 Qc7 17.g4 h6 18.Qc4 Rb4 19.Qe2 Rb8 20.Qc4 Rb4 21.Qe2 Bb7 22.Bd2 Nd4
23.Nxd4 Rxd4 24.g5 Nh7 25.gxh6 gxh6 26.Rad1 Qc4 27.Qf2 Bf6 28.f5 exf5 29.Qxf5 Qe6
30.Bxh6 Rxd1 31.Nxd1 Re8 32.Qxe6 Rxe6 33.Bf4 Ng5 34.Nf2 Nxe4 35.Nxe4 Bxe4
36.Bxe4 Rxe4 37.c3 d5  1/2-1/2

[Event "TCh-BEL 2011-12"]
[Site "Belgium BEL"]
[Date "2011.11.06"]
[Round "3.7"]
[White "Baert,A"]
[Black "Goormachtigh,J"]
[Result "1-0"]
[WhiteElo "2183"]
[BlackElo "2212"]

1.e4 c5 2.Nf3 e6 3.d4 cxd4 4.Nxd4 Nc6 5.Nc3 Qc7 6.Be3 a6 7.Be2 Nf6 8.O-O Be7
9.f4 d6 10.Qe1 O-O 11.Qg3 Nxd4 12.Bxd4 b5 13.a3 Bb7 14.Rae1 Rad8 15.Kh1 Rd7
16.Bd3 Re8 17.Nd1 d5 18.e5 Ne4 19.Qh3 f5 20.exf6 Bxf6 21.Bxf6 gxf6 22.f5 e5
23.Bxe4 dxe4 24.Ne3 Qb6 25.Qh6 Rg7 26.g4 Qd6 27.g5 Rxg5 28.Rg1 Qc7 29.Rxg5+ fxg5
30.f6 Qf7 31.Rg1 Kh8 32.Rxg5 Rg8 33.h4 Rg6 34.Rxg6 Qxg6 35.Qxg6 hxg6 36.Ng4 e3+
37.Kg1 Bf3 38.Nxe5 Bh5 39.c4 bxc4 40.Nxc4 Kg8 41.Ne5 Kf8 42.Kf1 Ke8 43.Ke1 Kf8
44.b4  1-0

[Event "1st Panama Open"]
[Site "Panama City PAN"]
[Date "2011.11.06"]
[Round "8.7"]
[White "Perez Rodriguez,L"]
[Black "Hevia,A"]
[Result "1-0"]
[WhiteElo "2475"]
[BlackElo "2520"]

1.e4 c5 2.Nf3 e6 3.d4 cxd4 4.Nxd4 Nc6 5.Nc3 Qc7 6.Be3 a6 7.f4 b5 8.a3 Bb7
9.Nb3 Be7 10.Bd3 d6 11.O-O Nf6 12.Qf3 O-O 13.Qh3 g6 14.Rae1 b4 15.axb4 Nxb4
16.f5 e5 17.Kh1 Nxd3 18.cxd3 Rab8 19.Bh6 Rfe8 20.Nd2 d5 21.Nf3 dxe4 22.dxe4 Nh5
23.Ng5 Nf4 24.Qg3 Bf6 25.Nh3 Nxh3 26.Qxh3 Qe7 27.Re3 Ba8 28.Ref3 Bh8 29.f6 Qd6
30.Qh4 Re6 31.Bg5 Rb6 32.Rd1 Qc6 33.Bh6 Qc8 34.Rfd3 Re8 35.Qh3 Qb8 36.Bg7 h5
37.Bxh8  1-0

[Event "38th ch-IND w 2011"]
[Site "Chennai IND"]
[Date "2011.11.09"]
[Round "11"]
[White "Pratyusha,B"]
[Black "Harini,S"]
[Result "1-0"]
[WhiteElo "2062"]
[BlackElo "2055"]

1.e4 c5 2.Nf3 e6 3.d4 cxd4 4.Nxd4 Nc6 5.Nc3 Qc7 6.f4 a6 7.Nxc6 bxc6 8.Bd3 Bc5
9.e5 f5 10.exf6 Nxf6 11.Ne4 Nxe4 12.Bxe4 d5 13.Bd3 Bb7 14.Qe2 Qe7 15.Bd2 Bd4
16.c3 Bf6 17.O-O-O Kd8 18.g4 g6 19.h4 Kc7 20.h5 gxh5 21.Rxh5 h6 22.Re1 Bc8
23.Reh1 Bg7 24.g5 Bd7 25.f5 hxg5 26.Rxh8 Bxh8 27.Rxh8 Rxh8 28.Qe5+ Kb7 29.Qxh8 exf5
30.Qd4 f4 31.Qa4 Qc5 32.Bxa6+ Kc7 33.Qd4 Qxd4 34.cxd4 Kb6 35.Be2 c5 36.dxc5+ Kxc5
37.b4+ Kd4 38.b5 Ke4 39.b6 Bc6 40.a4 f3 41.a5 g4 42.Be1 Ke3 43.Bxf3 gxf3
44.a6 Ke2 45.b7 Bxb7 46.axb7 Kxe1 47.b8=Q f2 48.Qe5+ Kf1 49.Kd2 d4 50.Qh2 d3
51.Qh1+  1-0

[Event "23rd Leuven Open"]
[Site "Leuven BEL"]
[Date "2011.11.12"]
[Round "5.7"]
[White "Docx,S"]
[Black "Weiler,M"]
[Result "1-0"]
[WhiteElo "2352"]
[BlackElo "2085"]

1.e4 c5 2.Nf3 e6 3.d4 cxd4 4.Nxd4 Nc6 5.Nc3 Qc7 6.Be3 a6 7.Be2 Nf6 8.O-O Bb4
9.Nxc6 bxc6 10.Qd4 c5 11.Qc4 Bb7 12.a3 d5 13.exd5 exd5 14.Qf4 Qxf4 15.Bxf4 Ba5
16.Na4 Rc8 17.b4 cxb4 18.axb4 Bxb4 19.Rfb1 a5 20.c3 Ng8  1-0

[Event "TCh-CZE Liga1 Vychod"]
[Site "Czech Rep CZE"]
[Date "2011.11.13"]
[Round "3"]
[White "Piza,V"]
[Black "Luch,M"]
[Result "0-1"]
[WhiteElo "2252"]
[BlackElo "2433"]

1.e4 c5 2.Nf3 e6 3.d4 cxd4 4.Nxd4 Nc6 5.Nc3 Qc7 6.g3 a6 7.Bg2 d6 8.O-O Bd7
9.h3 Be7 10.Re1 Nf6 11.g4 Nxd4 12.Qxd4 e5 13.Qd3 Be6 14.a4 Rc8 15.Bd2 O-O
16.b3 h6 17.Ra2 Qc5 18.a5 Nd7 19.Nd1 Bg5 20.Bxg5 hxg5 21.Ne3 Nb8 22.Rd1 Nc6
23.Qxd6 Nb4 24.Qxc5 Rxc5 25.Rb2 Rxa5 26.Nd5 Nc6 27.c3 Ra3 28.b4 b5 29.Rdd2 Nb8
30.Ra2 Rxa2 31.Rxa2 Bxd5 32.exd5 Rc8 33.Ra3 Kf8 34.Kf1 Ke7 35.Ke2 Kd6 36.Kd3 g6
37.Ra1 f5 38.Rd1 e4+ 39.Kc2 Nd7 40.h4 gxh4 41.gxf5 gxf5 42.Bh3 Nb6 43.Bxf5 Rf8
44.Bxe4 Rxf2+ 45.Kc1 h3 46.Rg1 h2 47.Rg6+ Ke5 48.Re6+ Kf4 49.d6 Re2  0-1

[Event "TCh-HUN 2011-12"]
[Site "Heviz HUN"]
[Date "2011.11.13"]
[Round "3"]
[White "Gara,A"]
[Black "Horvath,Gy1"]
[Result "0-1"]
[WhiteElo "2340"]
[BlackElo "2364"]

1.e4 c5 2.Nf3 e6 3.d4 cxd4 4.Nxd4 Nc6 5.Nc3 Qc7 6.Be2 a6 7.Be3 b5 8.Nxc6 Qxc6
9.e5 Bb7 10.Bf3 Qc7 11.Bxb7 Qxb7 12.Qd3 Bb4 13.O-O Bxc3 14.Qxc3 Rc8 15.Bc5 Ne7
16.Qa3 Nd5 17.b4 f5 18.Qg3 Kf7 19.a4 a5 20.c3 axb4 21.cxb4 bxa4 22.Rxa4 Ra8
23.Rfa1 Rxa4 24.Rxa4 Ra8 25.Rxa8 Qxa8 26.h4 Qa1+ 27.Kh2 Qb2 28.Bd6 h6 29.h5 Kg8
30.Qf3 Nxb4 31.Qb7 Nd3 32.Qxd7 Nf4 33.Bc5 Qe2 34.Be3 Qxh5+ 35.Kg1 Ne2+ 36.Kf1 f4
37.Qxe6+ Kh7 38.Bd2 Nd4 39.Qh3 Qd1+ 40.Be1 Qe2+ 41.Kg1 Qxe1+ 42.Kh2 Qxe5  0-1

[Event "21st World Seniors Women"]
[Site "Rijeka CRO"]
[Date "2011.11.15"]
[Round "1.6"]
[White "Abdikasova,P"]
[Black "Fomina,T"]
[Result "1/2-1/2"]
[WhiteElo "1978"]
[BlackElo "2215"]

1.e4 c5 2.Nf3 e6 3.d4 cxd4 4.Nxd4 Nc6 5.Nc3 Qc7 6.Be3 Nf6 7.Be2 Bb4 8.f3 d5
9.a3 Bxc3+ 10.bxc3 Bd7 11.exd5 Nxd5 12.Nb5 Qa5 13.Bd2 Qb6 14.Nd6+ Ke7 15.Rb1 Qc7
16.Ne4 b6 17.O-O f5 18.c4 Nf6 19.Nc3 Na5 20.Rb4 Rhe8 21.Re1 Kf7 22.Bd3 Rad8
23.Qe2 Nb7 24.Qf2 Kg8 25.Qh4 Bc6 26.Bg5 Qf7 27.Nb5 Nc5 28.Bf1 Rd7 29.Nd4 Bb7
30.c3 Qg6 31.Bf4 Qh5 32.Qf2 g5 33.Be5 Qg6 34.Nb5 Bc6 35.Nxa7 Bxf3 36.gxf3 Rxa7
37.Rxb6 Nfd7 38.Rd6 Rc8 39.Bd4 Rac7 40.Rb1 Qf7 41.Qd2 Qe7 42.Bxc5 Nxc5 43.Rdb6 Rd7
44.Qe3 Kf7 45.R6b5 Rdc7 46.Ra5 h5 47.Rbb5 Kg6 48.Qe5 g4 49.f4 Kf7 50.a4 Ne4
51.Bd3 Qh4 52.Bxe4 Qe1+ 53.Kg2 Qe2+ 54.Kg1 Qe1+ 55.Kg2  1/2-1/2